[Event "GER-ch Net Amateur Gr-A Vor2"]
[Site "Playchess.com INT"]
[Date "2020.04.15"]
[Round "6"]
[White "Meschke, Andreas"]
[Black "Sieber, Heiko"]
[Result "0-1"]
[WhiteElo "1601"]
[BlackElo "1856"]
[PlyCount "132"]
[EventDate "2020.04.15"]
[EventType "swiss (blitz)"]
[EventRounds "9"]
[EventCountry "GER"]
[SourceTitle "CBM 196 Extra"]
[Source "ChessBase"]
[SourceDate "2020.07.31"]
[SourceVersion "1"]
[SourceVersionDate "2020.07.31"]
[SourceQuality "1"]

1. e4 e5 2. Nf3 Nf6 3. Nxe5 d6 4. Nf3 Nxe4 5. Qe2 Qe7 6. d3 Nc5 7. Nc3 c6 8. Bf4 d5 9. 0-0-0 Bg4 10. Qxe7+ Bxe7 11. Be2 Ne6 12. Be5 Nd7 13. Bg3 0-0 14. Rhe1 Bf6 15. h3 Bh5 16. Bd6 Rfe8 17. g4 Bg6 18. Bf1 h5 19. Bg2 Ng5 20. Kb1 d4 21. Nxg5 dxc3 22. Ne4 Bxe4 23. Bxe4 hxg4 24. hxg4 cxb2 25. Rh1 g6 26. Rh3 Kg7 27. Rdh1 Rh8 28. f4 Rxh3 29. Rxh3 Bd4 30. f5 Re8 31. fxg6 fxg6 32. g5 Re6 33. Bf4 Nc5 34. Bd2 Nxe4 35. dxe4 Rxe4 36. c3 Be5 37. Kxb2 b5 38. Kc2 Rc4 39. Rd3 Kf7 40. Rd7+ Ke6 41. Rxa7 Bxc3 42. Bxc3 b4 43. Kb3 Rxc3+ 44. Kxb4 Rg3 45. Ra5 Rg4+ 46. Kb3 Kd6 47. a3 Kc7 48. Re5 Kd6 49. Ra5 Kc7 50. Re5 Kd7 51. a4 Kc7 52. a5 Kb7 53. Ka3 Ka6 54. Re6 Rxg5 55. Rxc6+ Kxa5 56. Rc4 Kb5 57. Rb4+ Kc5 58. Ra4 Rd5 59. Ra5+ Kd4 60. Ra4+ Ke5 61. Rg4 Kf5 62. Rg2 g5 63. Kb3 g4 64. Kc4 Rd8 65. Rf2+ Kg5 66. Rg2 Kf4 0-1

[Event "GER-ch Net Amateur Gr-A Vor2"]
[Site "Playchess.com INT"]
[Date "2020.04.15"]
[Round "9"]
[White "Sieber, Heiko"]
[Black "Leers Fischer, Hans"]
[Result "1-0"]
[WhiteElo "1856"]
[BlackElo "1745"]
[PlyCount "53"]
[EventDate "2020.04.15"]
[EventType "swiss (blitz)"]
[EventRounds "9"]
[EventCountry "GER"]
[SourceTitle "CBM 196 Extra"]
[Source "ChessBase"]
[SourceDate "2020.07.31"]
[SourceVersion "1"]
[SourceVersionDate "2020.07.31"]
[SourceQuality "1"]

1. e4 e6 2. Nf3 d5 3. e5 c5 4. c3 Nc6 5. d4 Qb6 6. Bd3 Bd7 7. Bc2 Rc8 8. 0-0 cxd4 9. Nxd4 Nxe5 10. Re1 Bd6 11. Nd2 Nf6 12. N2f3 Nxf3+ 13. Qxf3 0-0 14. Qd3 e5 15. Nf5 e4 16. Qh3 Bc5 17. Qg3 Bxf5 18. Bb3 Bg6 19. Bg5 Nh5 20. Qh4 h6 21. Bd2 Qe6 22. Rad1 Qf5 23. g4 Bxf2+ 24. Qxf2 Qxg4+ 25. Kh1 Rc6 26. Rg1 Qe6 27. Be3 1-0

[Event "GER-ch Net Amateur Gr-A Vor1"]
[Site "Playchess.com INT"]
[Date "2020.04.14"]
[Round "7"]
[White "Sieber, Heiko"]
[Black "Commercon, Simon"]
[Result "1-0"]
[WhiteElo "1938"]
[BlackElo "2065"]
[PlyCount "221"]
[EventDate "2020.04.14"]
[EventType "swiss (blitz)"]
[EventRounds "9"]
[EventCountry "GER"]
[SourceTitle "EXT 2021"]
[Source "ChessBase"]
[SourceDate "2020.10.23"]
[SourceVersion "1"]
[SourceVersionDate "2020.10.23"]
[SourceQuality "1"]

1. e4 d6 2. Nf3 Nf6 3. Nc3 g6 4. d4 Bg7 5. h3 a6 6. a4 0-0 7. Be3 b6 8. Bd3 Bb7 9. 0-0 c5 10. d5 e6 11. Bg5 exd5 12. exd5 Qc7 13. Bxf6 Bxf6 14. Qe2 Nd7 15. Rfe1 Kg7 16. Rab1 Ne5 17. Bc4 Nxc4 18. Qxc4 Rfe8 19. Ne4 Qd8 20. b3 Kg8 21. g4 Bg7 22. Ng3 Qd7 23. Qd3 b5 24. axb5 axb5 25. Rxe8+ Rxe8 26. c4 Ba6 27. Nd2 Be5 28. Kg2 b4 29. Re1 Bc8 30. Qe3 Kf8 31. Qh6+ Bg7 32. Rxe8+ Qxe8 33. Qe3 Qxe3 34. fxe3 Ke7 35. Kf3 Be5 36. h4 f5 37. g5 Bc3 38. Ndf1 Kf7 39. Ne2 Be5 40. Nf4 Kg7 41. Ng3 h6 42. Nge2 hxg5 43. hxg5 Bd7 44. Nc1 Kf7 45. Ncd3 Bg7 46. Ke2 Bf8 47. Kd2 Be7 48. Nh3 Bd8 49. Ke2 Be7 50. Kd2 Bf8 51. Ndf4 Bg7 52. Kd3 Be5 53. Nf2 Bc8 54. Kc2 Bd7 55. N2d3 Bg7 56. Nf2 Bf8 57. Nh1 Be7 58. Nh3 f4 59. Nxf4 Bxg5 60. Ng3 Bg4 61. Kd2 Bh4 62. Ne4 Be7 63. Nf2 Bf5 64. e4 Bd7 65. Kd3 g5 66. Ng2 Bf6 67. Ne3 Kg6 68. Nfg4 Bd4 69. Ke2 Bxe3 70. Nxe3 g4 71. Kf2 Kg5 72. Kg3 Bc8 73. Ng2 Bd7 74. Nf4 Kf6 75. Nd3 Kg5 76. Nf2 Bc8 77. Nd3 Bd7 78. e5 Bf5 79. exd6 Kf6 80. Nxc5 Kf7 81. Kf4 Bc2 82. Kxg4 Ke8 83. Kf4 Kd8 84. Ke5 Ke8 85. Na6 Bxb3 86. c5 Ba4 87. Nxb4 Kd7 88. c6+ Kd8 89. Ke6 Bb5 90. Nc2 Bf1 91. Nd4 Bh3+ 92. Ke5 Kc8 93. Nb5 Kd8 94. Kd4 Kc8 95. Kc5 Kd8 96. Kb6 Kc8 97. Na7+ Kb8 98. c7+ Ka8 99. Nb5 Bc8 100. Nd4 Bd7 101. Nc6 Bc8 102. Ne5 Bf5 103. Kc5 Kb7 104. Nc4 Bd7 105. Nb6 Bg4 106. c8Q+ Bxc8 107. Nxc8 Kxc8 108. Kc6 Kd8 109. d7 Ke7 110. Kc7 Kf6 111. d8Q+ 1-0

[Event "Regionalliga NW 1516"]
[Site "Bayern"]
[Date "2015.10.25"]
[Round "2.7"]
[White "Kuespert, Helmut"]
[Black "Sieber, Heiko"]
[Result "1-0"]
[WhiteElo "1924"]
[BlackElo "1919"]
[PlyCount "133"]
[EventDate "2015.10.11"]
[EventType "team-tourn"]
[EventRounds "9"]
[EventCountry "GER"]
[SourceTitle "EXT 2018"]
[Source "ChessBase"]
[SourceDate "2017.10.13"]
[SourceVersion "1"]
[SourceVersionDate "2017.10.13"]
[SourceQuality "1"]
[WhiteTeam "Marktleuthen"]
[BlackTeam "Hof PTSV"]
[WhiteTeamCountry "GER"]
[BlackTeamCountry "GER"]

1. e4 e5 2. Bc4 Nf6 3. d3 Bc5 4. Nf3 Nc6 5. 0-0 d6 6. Be3 Bb6 7. Nbd2 Bg4 8. Qe1 0-0 9. h3 Be6 10. Ng5 Bxc4 11. Nxc4 Bxe3 12. Qxe3 b5 13. Nd2 Nd4 14. Rac1 h6 15. Ngf3 Ne6 16. g3 c5 17. Nh4 Kh7 18. Nf5 Ng8 19. Kh2 g6 20. Nh4 f5 21. exf5 gxf5 22. Nxf5 Rxf5 23. Qe4 Nd4 24. c3 Nf6 25. Qb7+ Kg6 26. cxd4 exd4 27. Nf3 Rxf3 28. Qxf3 Rc8 29. Rce1 Qd7 30. Re2 Re8 31. Rfe1 Rxe2 32. Qxe2 a5 33. Qe6 Qf7 34. b3 Qxe6 35. Rxe6 d5 36. Rc6 c4 37. bxc4 bxc4 38. Kg2 c3 39. Kf1 Kf7 40. Ke2 h5 41. Ra6 Nd7 42. Rxa5 Ke6 43. Ra6+ Ke5 44. f4+ Kf5 45. Rd6 Nb8 46. Rxd5+ Ke6 47. Rxd4 Nc6 48. Rc4 Kd5 49. Rxc3 Nd4+ 50. Kf2 h4 51. g4 Ne6 52. Rc4 Nd8 53. a4 Nb7 54. Rb4 Nd8 55. Ke3 Ne6 56. Rb5+ Kc6 57. Rh5 Nc7 58. d4 Kd6 59. a5 Ke6 60. a6 Kd6 61. a7 Ke6 62. Ra5 Na8 63. Ke4 Kd6 64. f5 Kc6 65. f6 Kd7 66. Kf5 Kc7 67. f7 1-0

[Event "Pyramiden Franken Cup"]
[Site "Fuerth"]
[Date "2014.09.04"]
[Round "1"]
[White "Sieber, Heiko"]
[Black "Milov, Leonid"]
[Result "0-1"]
[WhiteElo "2021"]
[BlackElo "2498"]
[PlyCount "84"]
[EventDate "2014.09.04"]
[EventType "swiss"]
[EventRounds "7"]
[EventCountry "GER"]
[SourceTitle "CBM 162 Extra"]
[Source "ChessBase"]
[SourceDate "2014.10.17"]
[SourceVersion "1"]
[SourceVersionDate "2014.10.17"]
[SourceQuality "1"]

1. d4 Nf6 2. Nf3 c5 3. d5 b5 4. a4 Bb7 5. axb5 Bxd5 6. b3 d6 7. c4 Bb7 8. Bb2 Nbd7 9. Nc3 g6 10. Nd5 Bg7 11. Nxf6+ Nxf6 12. g3 Qb6 13. Bg2 0-0 14. 0-0 a6 15. bxa6 Rxa6 16. Rxa6 Qxa6 17. Nd2 Bxg2 18. Kxg2 Qb7+ 19. Kg1 Ra8 20. Qc2 Ra2 21. Rb1 h5 22. Qd3 Ne8 23. Bxg7 Nxg7 24. h4 Ne6 25. e3 f5 26. Rd1 Kf7 27. Qb1 Qa8 28. Qd3 Qb7 29. Qb1 Ra3 30. Qc2 Qb4 31. Kf1 Qa5 32. Rb1 Qa8 33. Ke2 Qa5 34. Rb2 Nf8 35. Nb1 Ra1 36. Nc3 Nd7 37. Ra2 Rxa2 38. Nxa2 Ne5 39. Nc3 Qa8 40. Qd2 Qf3+ 41. Ke1 Qb7 42. Kd1 Qxb3+ 0-1

[Event "Nuremberg LGA Cup 8th"]
[Site "Nuremberg"]
[Date "2011.09.09"]
[Round "2"]
[White "Sieber, Heiko"]
[Black "Lanka, Zigurds"]
[Result "0-1"]
[WhiteElo "1921"]
[BlackElo "2423"]
[PlyCount "44"]
[EventDate "2011.09.08"]
[EventType "swiss"]
[EventRounds "7"]
[EventCountry "GER"]
[SourceTitle "CBM 144 Extra"]
[Source "ChessBase"]
[SourceDate "2011.10.28"]
[SourceVersion "1"]
[SourceVersionDate "2011.10.28"]
[SourceQuality "1"]

1. Nf3 c5 2. e4 e6 3. Nc3 a6 4. d4 cxd4 5. Nxd4 Qc7 6. Be3 Bb4 7. Nde2 Nf6 8. Qd3 Nc6 9. f4 d5 10. 0-0-0 dxe4 11. Nxe4 Nd5 12. Bd2 Be7 13. N2c3 0-0 14. Nxd5 exd5 15. Ng5 g6 16. Qxd5 Bf5 17. Nxf7 Rxf7 18. Bc4 Raf8 19. a3 Bf6 20. Qc5 Bd4 21. Bxf7+ Qxf7 22. Qd6 Qa2 0-1

[Event "Nuremberg LGA Cup 7th"]
[Site "Nuremberg"]
[Date "2010.09.04"]
[Round "4"]
[White "Hirschmann, Jakob"]
[Black "Sieber, Heiko"]
[Result "1-0"]
[WhiteElo "1805"]
[BlackElo "2066"]
[PlyCount "79"]
[EventDate "2010.09.02"]
[EventType "swiss"]
[EventRounds "7"]
[EventCountry "GER"]
[SourceTitle "CBM 138 Extra"]
[Source "ChessBase"]
[SourceDate "2010.10.29"]
[SourceVersion "1"]
[SourceVersionDate "2010.10.29"]
[SourceQuality "1"]

1. e4 d5 2. exd5 Qxd5 3. Nc3 Qa5 4. d4 Nf6 5. Bd2 c6 6. Bc4 Bf5 7. Nge2 e6 8. 0-0 Qc7 9. Bf4 Bd6 10. Bxd6 Qxd6 11. Ng3 Bg6 12. f4 0-0 13. Qd2 c5 14. d5 Nc6 15. f5 exf5 16. Nxf5 Qd7 17. Qg5 Nd4 18. Nxg7 Kxg7 19. Qxf6+ Kg8 20. Bd3 Nxc2 21. Bxc2 Bxc2 22. Qg5+ Bg6 23. h4 Qd8 24. Rf6 Kg7 25. Raf1 h6 26. Qe5 Kg8 27. h5 Bh7 28. R1f3 Qe8 29. Rg3+ Kh8 30. Re6+ f6 31. Qc7 Qf7 32. Re7 Qg8 33. Rxg8+ Bxg8 34. Qf4 Bf7 35. Qxf6+ Kg8 36. Qxh6 Rfe8 37. Qg5+ Kf8 38. d6 Rad8 39. Qf6 Rxd6 40. Qxf7# 1-0

[Event "Nuremberg LGA Cup 7th"]
[Site "Nuremberg"]
[Date "2010.09.02"]
[Round "1"]
[White "Sieber, Heiko"]
[Black "Hirneise, Tobias"]
[Result "0-1"]
[WhiteElo "2066"]
[BlackElo "2436"]
[PlyCount "82"]
[EventDate "2010.09.02"]
[EventType "swiss"]
[EventRounds "7"]
[EventCountry "GER"]
[SourceTitle "CBM 138 Extra"]
[Source "ChessBase"]
[SourceDate "2010.10.29"]
[SourceVersion "1"]
[SourceVersionDate "2010.10.29"]
[SourceQuality "1"]

1. d4 Nf6 2. c4 g6 3. Nc3 Bg7 4. Nf3 0-0 5. g3 d6 6. Bg2 Nc6 7. 0-0 a6 8. Bg5 h6 9. Bd2 e5 10. d5 Nd4 11. Nxd4 exd4 12. Ne4 Re8 13. Nxf6+ Qxf6 14. Qc1 Rxe2 15. Bxh6 Bxh6 16. Qxh6 Rxb2 17. Rae1 Bf5 18. Be4 Bd7 19. Bb1 b5 20. Re4 bxc4 21. Rh4 Qg7 22. Qxg7+ Kxg7 23. Rxd4 Rab8 24. Be4 Rxa2 25. Rxc4 Bb5 26. Rb4 Bxf1 27. Rxb8 Ra1 28. f3 f5 29. Rb1 Rxb1 30. Bxb1 Bc4 31. g4 a5 32. Bc2 Bxd5 33. Kf2 Kf6 34. h4 fxg4 35. fxg4 c5 36. Ke3 g5 37. h5 Be6 38. Kf3 Bd7 39. Bd1 a4 40. Bc2 a3 41. Bb3 Be6 0-1

[Event "Erbendorf op"]
[Site "Erbendorf"]
[Date "2009.06.14"]
[Round "7"]
[White "Behrens, Kai"]
[Black "Sieber, Heiko"]
[Result "1-0"]
[WhiteElo "1898"]
[BlackElo "2070"]
[PlyCount "161"]
[EventDate "2009.06.11"]
[EventType "swiss"]
[EventRounds "7"]
[EventCountry "GER"]
[SourceTitle "CBM 130 Extra"]
[Source "ChessBase"]
[SourceDate "2009.07.02"]
[SourceVersion "2"]
[SourceVersionDate "2009.07.15"]
[SourceQuality "1"]

1. d4 d5 2. Nf3 Nf6 3. c4 c6 4. cxd5 cxd5 5. Nc3 Nc6 6. Bg5 Ne4 7. e3 Qa5 8. Qb3 Nxg5 9. Nxg5 e6 10. a3 Be7 11. Nf3 a6 12. Bd3 Bf6 13. 0-0 0-0 14. Rac1 Rb8 15. Na4 Ne7 16. Nb6 Nc6 17. Rc5 Bd8 18. Rxa5 Nxa5 19. Qb4 Nc6 20. Qc5 Be7 21. Qc2 g6 22. Nxc8 Rfxc8 23. Qd2 Rd8 24. Rc1 Rd6 25. g3 Bf6 26. Ne1 e5 27. dxe5 Nxe5 28. Qb4 Re6 29. Qb3 Rd6 30. Rc5 d4 31. e4 b5 32. f4 Nd7 33. Rc7 Bd8 34. Rc1 Bb6 35. e5 Re6 36. Qc2 Nc5 37. Nf3 Rc6 38. b4 Rbc8 39. Kg2 R6c7 40. bxc5 Rxc5 41. Qxc5 Rxc5 42. Rxc5 Bxc5 43. a4 bxa4 44. Bxa6 a3 45. Bc4 Kf8 46. Ne1 Ke7 47. Nd3 Bb6 48. Kf3 Ba7 49. Ke4 Bb6 50. Nc1 Kf8 51. Ne2 Ke7 52. Nxd4 Kf8 53. h3 Ke7 54. Nc2 Bc5 55. Kd5 Bf2 56. g4 f5 57. exf6+ Kxf6 58. Nxa3 Bg3 59. Ke4 Be1 60. Nc2 Bc3 61. Nd4 Bb2 62. Nf3 Bc3 63. Ng5 Kg7 64. f5 Bb2 65. Nf3 h6 66. Nh4 gxf5+ 67. Nxf5+ Kg6 68. Kd5 Kg5 69. Ke6 Bc3 70. Bb5 h5 71. gxh5 Kxh5 72. Be8+ Kg5 73. h4+ Kg4 74. h5 Bd2 75. Kf6 Bg5+ 76. Kg6 Bd2 77. Nd4 Bf4 78. Bd7+ Kh4 79. Nf3+ Kg3 80. Ng5 Kh4 81. h6 1-0

[Event "Erbendorf op"]
[Site "Erbendorf"]
[Date "2009.06.13"]
[Round "6"]
[White "Sieber, Heiko"]
[Black "Rotter, Christian"]
[Result "1-0"]
[WhiteElo "2070"]
[BlackElo "1811"]
[PlyCount "59"]
[EventDate "2009.06.11"]
[EventType "swiss"]
[EventRounds "7"]
[EventCountry "GER"]
[SourceTitle "CBM 130 Extra"]
[Source "ChessBase"]
[SourceDate "2009.07.02"]
[SourceVersion "2"]
[SourceVersionDate "2009.07.15"]
[SourceQuality "1"]

1. d4 d5 2. Nf3 Nf6 3. c4 e6 4. Nc3 c6 5. e3 Be7 6. Qc2 Nbd7 7. Bd3 a6 8. e4 dxe4 9. Nxe4 Nxe4 10. Bxe4 Nf6 11. Bd3 h6 12. h3 c5 13. Be3 Qa5+ 14. Qc3 Qxc3+ 15. bxc3 cxd4 16. cxd4 Bb4+ 17. Ke2 0-0 18. Rab1 Be7 19. Ne5 Rd8 20. g4 Nd7 21. Be4 Nxe5 22. dxe5 Rb8 23. Rhd1 Rxd1 24. Kxd1 b5 25. Ba7 Rb7 26. Bxb7 Bxb7 27. cxb5 axb5 28. Rxb5 Bg2 29. Ke2 Bd5 30. Rxd5 1-0

[Event "Oberfranken-ch M 0809"]
[Site "Schney"]
[Date "2009.01.04"]
[Round "6"]
[White "Sieber, Heiko"]
[Black "Wunder, Stefan"]
[Result "0-1"]
[WhiteElo "2075"]
[BlackElo "2141"]
[PlyCount "70"]
[EventDate "2009.01.02"]
[EventType "swiss"]
[EventRounds "7"]
[EventCountry "GER"]
[SourceTitle "CBM 128 Extra"]
[Source "ChessBase"]
[SourceDate "2009.03.05"]
[SourceVersion "2"]
[SourceVersionDate "2009.03.25"]
[SourceQuality "1"]

1. d4 b6 2. Nf3 Bb7 3. g3 e6 4. Bg2 c5 5. c3 Nf6 6. 0-0 Be7 7. Re1 0-0 8. Nbd2 cxd4 9. cxd4 d5 10. Ne5 Nbd7 11. Ndf3 Rc8 12. Bd2 Ne4 13. Rc1 Nxe5 14. Nxe5 a5 15. Rxc8 Qxc8 16. Bxe4 dxe4 17. Qb3 Qd8 18. Bxa5 Qxd4 19. Qxb6 Qxe5 20. Qxb7 Qxa5 21. Rc1 Qd2 22. Rc7 Bf6 23. Qxe4 Qxb2 24. a4 g6 25. a5 Qa1+ 26. Kg2 Qxa5 27. Qb7 Qd5+ 28. e4 Qxb7 29. Rxb7 Rd8 30. Kf3 Rd2 31. Ke3 Rb2 32. Rd7 h5 33. h4 Bc3 34. Rd8+ Kg7 35. Rc8 Be1 0-1

[Event "Oberfranken-ch M 0809"]
[Site "Schney"]
[Date "2009.01.03"]
[Round "4"]
[White "Urytskyy, Arkadiy"]
[Black "Sieber, Heiko"]
[Result "1-0"]
[WhiteElo "2154"]
[BlackElo "2075"]
[PlyCount "81"]
[EventDate "2009.01.02"]
[EventType "swiss"]
[EventRounds "7"]
[EventCountry "GER"]
[SourceTitle "CBM 128 Extra"]
[Source "ChessBase"]
[SourceDate "2009.03.05"]
[SourceVersion "2"]
[SourceVersionDate "2009.03.25"]
[SourceQuality "1"]

1. c4 c5 2. Nf3 Nc6 3. d4 cxd4 4. Nxd4 Qb6 5. Nc2 g6 6. Nc3 Bg7 7. Nd5 Qd8 8. g3 e6 9. Nc3 Nf6 10. Bg2 0-0 11. 0-0 a6 12. e4 b5 13. e5 Ne8 14. Bxc6 Rb8 15. cxb5 Nc7 16. Bg2 Bxe5 17. Re1 Bg7 18. b6 Rxb6 19. Na4 Rb8 20. Bf4 d5 21. Nd4 Bd7 22. Nc5 Rb4 23. Bxc7 Qxc7 24. Nxa6 Qb6 25. Nxb4 Qxb4 26. Nb3 Bxb2 27. Rb1 Bg7 28. Qe2 Qa3 29. Rec1 Bc8 30. Rc2 Ba6 31. Qd2 h5 32. Bf1 Bb7 33. Qa5 Qd6 34. Qc7 Qxc7 35. Rxc7 Ba8 36. Rbc1 Kh7 37. Rc8 Rxc8 38. Rxc8 Bb7 39. Rc7 Ba8 40. Na5 d4 41. Bg2 1-0